[Event "Bad Pyrmont Pape op 3rd"]
[Site "Bad Pyrmont"]
[Date "2024.07.26"]
[Round "2"]
[White "Carlstedt, Jonathan"]
[Black "Reichelt, Ole"]
[Result "1-0"]
[WhiteElo "2429"]
[BlackElo "1986"]
[PlyCount "84"]
[EventDate "2024.07.25"]
[EventType "swiss"]
[EventRounds "7"]
[EventCountry "GER"]
[SourceTitle "CBM 221 Extra"]
[Source "ChessBase"]
[SourceDate "2024.09.30"]
[SourceVersion "1"]
[SourceVersionDate "2024.09.30"]
[SourceQuality "1"]

1. c4 e5 2. g3 Nf6 3. Bg2 c6 4. d4 e4 5. Nc3 d5 6. Bg5 Bb4 7. Qb3 Bxc3+ 8. bxc3 dxc4 9. Qxc4 Qd5 10. Qxd5 cxd5 11. Bxf6 gxf6 12. e3 Nc6 13. Rb1 b6 14. c4 Be6 15. Ne2 f5 16. cxd5 Bxd5 17. Nc3 Bc4 18. f3 Bd3 19. Rc1 Nb4 20. Kd2 Rd8 21. fxe4 fxe4 22. a3 Nd5 23. Nxe4 Bxe4 24. Bxe4 0-0 25. Rhf1 Rfe8 26. Bxd5 Rxd5 27. Rc7 f5 28. Rfc1 Ra5 29. R1c3 f4 30. gxf4 Rh5 31. Rc8 Kf8 32. Rxe8+ Kxe8 33. Rc7 Rxh2+ 34. Kd3 a5 35. d5 h5 36. Kd4 h4 37. Rb7 Kf8 38. Rxb6 Kg7 39. e4 a4 40. Rb7+ Kh6 41. d6 Rd2+ 42. Ke5 h3 1-0

[Event "Oberliga Nord W 2324"]
[Site "Germany"]
[Date "2023.10.22"]
[Round "1.8"]
[White "Pollmann, Sascha"]
[Black "Reichelt, Ole"]
[Result "1/2-1/2"]
[WhiteElo "2061"]
[BlackElo "1938"]
[PlyCount "65"]
[EventDate "2023.10.22"]
[EventType "team-tourn"]
[EventRounds "9"]
[EventCountry "GER"]
[SourceTitle "EXT 2025"]
[Source "ChessBase"]
[SourceDate "2024.10.14"]
[SourceVersion "1"]
[SourceVersionDate "2024.10.14"]
[SourceQuality "1"]
[WhiteTeam "Werder Bremen III"]
[BlackTeam "Hameln"]
[WhiteTeamCountry "GER"]
[BlackTeamCountry "GER"]

1. Nf3 d5 2. g3 Nd7 3. d4 Ngf6 4. Bg2 c5 5. 0-0 cxd4 6. Nxd4 g6 7. c4 dxc4 8. Na3 Nb6 9. Nxc4 Bg7 10. Nxb6 Qxb6 11. Nb3 0-0 12. Be3 Qb5 13. Qc2 Ng4 14. Bc5 Bf5 15. e4 Be6 16. Nd4 Qc4 17. Qxc4 Bxc4 18. Rfd1 Rfd8 19. h3 Ne5 20. Nb3 Nd3 21. Bxe7 Re8 22. Ba3 Rad8 23. Nc5 Nxc5 24. Bxc5 b6 25. Ba3 Be2 26. Rxd8 Rxd8 27. Rc1 h5 28. Rc7 Rd1+ 29. Kh2 Bd4 30. Rd7 Kg7 31. b3 Bxf2 32. Bb2+ Kh6 33. Rxd1 1/2-1/2

[Event "Bodensee op"]
[Site "Bregenz"]
[Date "2023.05.13"]
[Round "1"]
[White "Riebel, Werner"]
[Black "Reichelt, Ole"]
[Result "1/2-1/2"]
[WhiteElo "2148"]
[BlackElo "1922"]
[PlyCount "148"]
[EventDate "2023.05.13"]
[EventType "swiss"]
[EventRounds "9"]
[EventCountry "AUT"]
[SourceTitle "CBM 215 Extra"]
[Source "ChessBase"]
[SourceDate "2023.09.30"]
[SourceVersion "1"]
[SourceVersionDate "2023.09.30"]
[SourceQuality "1"]

1. d4 d5 2. c3 Nf6 3. Bg5 Ne4 4. Bf4 e6 5. Nd2 Bd6 6. Bxd6 Qxd6 7. e3 0-0 8. Bd3 f5 9. f4 Bd7 10. Ngf3 Be8 11. Ne5 Nd7 12. Nxd7 Qxd7 13. 0-0 Qe7 14. Nxe4 fxe4 15. Be2 c5 16. dxc5 Qxc5 17. Qd4 Rc8 18. Rfd1 b6 19. Rac1 Qa5 20. a3 Qa4 21. Qe5 Bf7 22. Rd4 Qc6 23. c4 Qc7 24. Qxc7 Rxc7 25. Rcd1 g6 26. R1d2 Rfc8 27. cxd5 Rc1+ 28. Kf2 exd5 29. Bd1 R8c4 30. Bb3 Rxd4 31. Rxd4 Rc5 32. Rd2 Kf8 33. Bd1 Ke7 34. g4 h6 35. Ke1 Be6 36. h3 Kd6 37. Rc2 Bd7 38. Kd2 Bb5 39. h4 Bd7 40. Rc3 Be6 41. b4 Rxc3 42. Kxc3 Bd7 43. Kd4 Be6 44. Bb3 Bf7 45. Ba4 a6 46. Bd1 Be6 47. Be2 Bc8 48. Bd1 Bd7 49. Bb3 Be6 50. f5 gxf5 51. gxf5 Bg8 52. Bd1 Bf7 53. Be2 a5 54. bxa5 bxa5 55. Ba6 Bg8 56. Be2 Bf7 57. Bg4 Be8 58. Bd1 Bf7 59. Bg4 Be8 60. f6 Bg6 61. Bh3 Be8 62. Bg4 Bf7 63. Bc8 Be8 64. Bg4 Bg6 65. Bd1 Be8 66. Bb3 Bf7 67. Ba4 Bg6 68. Bb5 Bf7 69. Ba6 Bg8 70. Bc8 Bf7 71. Bf5 Be8 72. Bh3 Bf7 73. Bf5 Be8 74. Bh7 Bf7 1/2-1/2

[Event "Niedersachsen-ch op-A"]
[Site "Verden an der Aller"]
[Date "2020.01.04"]
[Round "5"]
[White "Reichelt, Ole"]
[Black "Stummeyer, Dieter"]
[Result "1-0"]
[WhiteElo "1923"]
[BlackElo "1802"]
[PlyCount "227"]
[EventDate "2020.01.02"]
[EventType "swiss"]
[EventRounds "7"]
[EventCountry "GER"]
[SourceTitle "EXT 2023"]
[Source "ChessBase"]
[SourceDate "2022.10.05"]
[SourceVersion "1"]
[SourceVersionDate "2022.10.05"]
[SourceQuality "1"]

1. d4 Nf6 2. Nf3 d5 3. e3 Nbd7 4. Bd3 e6 5. 0-0 b6 6. Nbd2 Bb7 7. c3 Bd6 8. Re1 Ne4 9. Qc2 f5 10. Bf1 0-0 11. g3 Ndf6 12. Ne5 Nd7 13. Ndf3 a6 14. Bg2 Rc8 15. Nxd7 Qxd7 16. Ne5 Qe7 17. Nd3 c5 18. f3 Nf6 19. Qe2 Qc7 20. Nf2 Rce8 21. e4 e5 22. dxe5 Bxe5 23. f4 Bd6 24. e5 Nd7 25. Be3 Nxe5 26. fxe5 Rxe5 27. Qd2 Qe7 28. Bg5 Rxe1+ 29. Rxe1 Qf7 30. Bf4 Be7 31. Qe2 Bf6 32. Qe6 g5 33. Qxf7+ Kxf7 34. Bd2 Rd8 35. Bf3 g4 36. Bg2 Bc8 37. Bf4 b5 38. Be3 d4 39. cxd4 cxd4 40. Bd2 Be6 41. b3 Rc8 42. Rc1 Rxc1+ 43. Bxc1 a5 44. Bc6 a4 45. bxa4 bxa4 46. a3 Bb3 47. Bd7 Bc2 48. Kf1 h5 49. Ke1 Ke7 50. Bb5 h4 51. Bd3 hxg3 52. hxg3 Bxd3 53. Nxd3 Kd6 54. Nb2 Kd5 55. Nxa4 Ke4 56. Kf2 Be7 57. Nb6 Kd3 58. Nd5 Bc5 59. Nb4+ Kc4 60. Ke2 Bd6 61. Bf4 Bc5 62. Kd2 Kb3 63. Nc2 Kc4 64. a4 d3 65. Ne1 Bb4+ 66. Kd1 Ba5 67. Bd6 Kd5 68. Bb8 Kc4 69. Ng2 Bb6 70. Nh4 Kb4 71. Nxf5 Kxa4 72. Kd2 Bf2 73. Kxd3 Kb5 74. Ne3 Bxg3 75. Bxg3 Kc6 76. Nxg4 Kd5 77. Be5 Kc5 78. Ne3 Kc6 79. Kc4 Kb6 80. Nd5+ Kc6 81. Nb4+ Kb6 82. Bd6 Kb7 83. Kc5 Kc8 84. Kc6 Kd8 85. Nd3 Kc8 86. Ne5 Kd8 87. Bc5 Kc8 88. Bb6 Kb8 89. Nc4 Ka8 90. Nd6 Kb8 91. Bc7+ Ka8 92. Nc4 Ka7 93. Nb6 Ka6 94. Bb8 Ka5 95. Bd6 Ka6 96. Nd5 Ka7 97. Nb6 Ka6 98. Bb8 Ka5 99. Kc5 Ka6 100. Kc6 Ka5 101. Nd5 Ka6 102. Nb4+ Ka5 103. Kc5 Ka4 104. Kc4 Ka5 105. Bc7+ Ka4 106. Bb6 Ka3 107. Nd3 Ka4 108. Nb2+ Ka3 109. Kc3 Ka2 110. Bc5 Kb1 111. Nd3 Ka2 112. Kc2 Ka1 113. Bb4 Ka2 114. Nc1+ 1-0

[Event "Niedersachsen-ch op-A"]
[Site "Verden an der Aller"]
[Date "2020.01.03"]
[Round "3"]
[White "Reichelt, Ole"]
[Black "Colbow, Collin"]
[Result "0-1"]
[WhiteElo "1923"]
[BlackElo "2118"]
[PlyCount "52"]
[EventDate "2020.01.02"]
[EventType "swiss"]
[EventRounds "7"]
[EventCountry "GER"]
[SourceTitle "EXT 2023"]
[Source "ChessBase"]
[SourceDate "2022.10.05"]
[SourceVersion "1"]
[SourceVersionDate "2022.10.05"]
[SourceQuality "1"]

1. d4 Nf6 2. c4 g6 3. Nc3 Bg7 4. e4 d6 5. Nf3 0-0 6. Be2 Bg4 7. 0-0 Nfd7 8. h3 Bxf3 9. Bxf3 Nc6 10. Be3 e5 11. d5 Nd4 12. Bxd4 exd4 13. Nb5 d3 14. Rb1 Ne5 15. Bg4 h5 16. f4 Nxc4 17. Qxd3 Nxb2 18. Rxb2 Bxb2 19. Bd1 Bg7 20. f5 a6 21. f6 Bxf6 22. Nd4 Bxd4+ 23. Qxd4 Qg5 24. h4 Qxh4 25. Rf3 Rae8 26. Bc2 Re5 0-1

[Event "Langenhagen Summer op 1st"]
[Site "Langenhagen"]
[Date "2019.07.06"]
[Round "5"]
[White "Herrmann, Andreas"]
[Black "Reichelt, Ole"]
[Result "1-0"]
[WhiteElo "2119"]
[BlackElo "1840"]
[PlyCount "128"]
[EventDate "2019.07.04"]
[EventType "swiss"]
[EventRounds "7"]
[EventCountry "GER"]
[SourceTitle "EXT 2020"]
[Source "ChessBase"]
[SourceDate "2019.10.17"]
[SourceVersion "1"]
[SourceVersionDate "2019.10.17"]
[SourceQuality "1"]

1. d4 e6 2. Nf3 Nf6 3. c3 c5 4. Bf4 cxd4 5. Nxd4 d6 6. Bg3 e5 7. Nf3 Be7 8. e3 0-0 9. Nbd2 Bf5 10. Qb3 Qc7 11. Be2 Nbd7 12. Nh4 Nc5 13. Qd1 Be6 14. Nhf3 Nce4 15. Bh4 Nxd2 16. Nxd2 d5 17. Nf3 h6 18. h3 Rab8 19. 0-0 b5 20. a3 a5 21. Rc1 Rfe8 22. Nd2 Bf5 23. Re1 Qb6 24. Bxf6 Bxf6 25. Bg4 Bxg4 26. Qxg4 b4 27. axb4 axb4 28. c4 e4 29. cxd5 Qd8 30. Nc4 Qxd5 31. Red1 Qg5 32. Qxg5 Bxg5 33. Nd6 Re6 34. b3 Rd8 35. Nc4 Rxd1+ 36. Rxd1 Bf6 37. Rd6 Re8 38. Rb6 Be7 39. Rb7 Bf8 40. g4 g6 41. Kg2 Rd8 42. Ne5 Rd5 43. Nd7 Be7 44. Nb6 Re5 45. Nc4 Re6 46. Kg3 Kg7 47. h4 h5 48. g5 f6 49. gxf6+ Kxf6 50. Kh3 Bc5 51. Rc7 Be7 52. Rd7 Kf7 53. Nd2 Kf6 54. Rd4 Kf5 55. Nf1 g5 56. Ng3+ Kg6 57. hxg5 Kxg5 58. Rd5+ Kg6 59. Nxh5 Bd6 60. Ng3 Be7 61. Rd4 Bc5 62. Rc4 Re5 63. Nxe4 Rh5+ 64. Kg4 Re5 1-0

[Event "Langenhagen Summer op 1st"]
[Site "Langenhagen"]
[Date "2019.07.06"]
[Round "6"]
[White "Jacobi, Felix Hagen"]
[Black "Reichelt, Ole"]
[Result "1/2-1/2"]
[WhiteElo "2098"]
[BlackElo "1840"]
[PlyCount "145"]
[EventDate "2019.07.04"]
[EventType "swiss"]
[EventRounds "7"]
[EventCountry "GER"]
[SourceTitle "EXT 2020"]
[Source "ChessBase"]
[SourceDate "2019.10.17"]
[SourceVersion "1"]
[SourceVersionDate "2019.10.17"]
[SourceQuality "1"]

1. e4 c5 2. f4 Nc6 3. Nf3 g6 4. c3 Bg7 5. d4 cxd4 6. cxd4 d5 7. e5 Bg4 8. Be3 Nh6 9. Nc3 Nf5 10. Qd2 Bxf3 11. gxf3 0-0 12. Bh3 Nxe3 13. Qxe3 Qb6 14. 0-0-0 e6 15. Kb1 Na5 16. Bf1 a6 17. Rg1 Rfd8 18. Ka1 Qc6 19. Bd3 b5 20. Rg2 Nc4 21. Qg1 Qd7 22. h4 h5 23. Rg5 b4 24. Ne2 Qa4 25. f5 Nxb2 26. Kxb2 Rac8 27. f6 Qa3+ 28. Ka1 b3 29. Rd2 b2+ 30. Kb1 Rc1+ 31. Nxc1 bxc1R+ 32. Qxc1 Rb8+ 33. Rb2 Qxd3+ 34. Ka1 Rxb2 35. Kxb2 Bf8 36. Qc3 Qe2+ 37. Kc1 Qf1+ 38. Kd2 Qf2+ 39. Kd1 Qf1+ 40. Qe1 Qd3+ 41. Qd2 Qf1+ 42. Kc2 Qc4+ 43. Kb1 Qf1+ 44. Qc1 Qd3+ 45. Qc2 Qf1+ 46. Kb2 Qb5+ 47. Ka1 Qf1+ 48. Qb1 Qxf3 49. Rg1 Qc3+ 50. Qb2 Qh3 51. Qc2 Qxh4 52. Qd3 Qh2 53. Rb1 Qf4 54. Qc3 a5 55. Rb8 Qf1+ 56. Kb2 Qf2+ 57. Ka1 Qf1+ 58. Rb1 Qf4 59. a3 h4 60. Rb8 Qh6 61. Kb2 Kh7 62. Kc2 h3 63. Rb1 Qh4 64. Qd3 h2 65. Rh1 Bh6 66. Kb3 Bf4 67. Ka4 Qf2 68. Kxa5 Qb2 69. a4 Qb7 70. Rb1 Qa7+ 71. Kb5 Qb7+ 72. Kc5 Qc7+ 73. Kb5 1/2-1/2

[Event "Oberliga Nord W 1819"]
[Site "Germany"]
[Date "2019.02.24"]
[Round "7.8"]
[White "Heinemann, Ernst"]
[Black "Reichelt, Ole"]
[Result "1-0"]
[WhiteElo "2104"]
[BlackElo "1847"]
[PlyCount "93"]
[EventDate "2018.10.21"]
[EventType "team-tourn"]
[EventRounds "9"]
[EventCountry "GER"]
[SourceTitle "EXT 2020"]
[Source "ChessBase"]
[SourceDate "2019.10.17"]
[SourceVersion "1"]
[SourceVersionDate "2019.10.17"]
[SourceQuality "1"]
[WhiteTeam "Oldenburg Union"]
[BlackTeam "Hameln"]
[WhiteTeamCountry "GER"]
[BlackTeamCountry "GER"]

1. e4 c5 2. Nf3 Nc6 3. Bb5 Nd4 4. Nxd4 cxd4 5. 0-0 a6 6. Bc4 e6 7. c3 Bc5 8. b4 Ba7 9. Bb2 Qf6 10. Qe2 b5 11. Bd3 Bb7 12. Na3 dxc3 13. dxc3 Ne7 14. c4 Bd4 15. Bxd4 Qxd4 16. cxb5 Qxb4 17. Nc4 axb5 18. Rab1 Qc5 19. Rxb5 Qc6 20. Rxb7 d5 21. Rb6 dxc4 22. Rxc6 cxd3 23. Qxd3 Nxc6 24. Qb5 0-0 25. Qxc6 Rxa2 26. g3 h6 27. Qc7 Ra4 28. e5 Raa8 29. Rc1 Rab8 30. Rc2 Ra8 31. Kg2 Ra3 32. Rc4 Ra2 33. g4 Rd2 34. h4 Ra2 35. Qe7 Ra5 36. Rc5 Ra4 37. Kg3 Raa8 38. f3 Rfe8 39. Qc7 Rf8 40. Qc6 Ra1 41. g5 h5 42. Rc1 Ra5 43. Qc7 Raa8 44. g6 fxg6 45. Qd7 Ra3 46. Qxe6+ Kh7 47. Qd5 1-0

[Event "Niedersachsen-ch op A"]
[Site "Verden"]
[Date "2018.01.06"]
[Round "5"]
[White "Stelmaszyk, Nico"]
[Black "Reichelt, Ole"]
[Result "0-1"]
[WhiteElo "1971"]
[BlackElo "1856"]
[PlyCount "82"]
[EventDate "2018.01.04"]
[EventType "swiss"]
[EventRounds "7"]
[EventCountry "GER"]
[SourceTitle "EXT 2022"]
[Source "ChessBase"]
[SourceDate "2021.10.06"]
[SourceVersion "1"]
[SourceVersionDate "2021.10.06"]
[SourceQuality "1"]

1. e4 c5 2. Nf3 Nc6 3. c3 e6 4. d4 d5 5. exd5 exd5 6. dxc5 Bxc5 7. Be2 Qb6 8. 0-0 Nge7 9. b4 Bd6 10. Be3 Qc7 11. Nbd2 0-0 12. Nb3 Bg4 13. h3 Bh5 14. Rc1 Rfd8 15. Nfd4 Bxe2 16. Qxe2 Ne5 17. Nb5 Qc4 18. Qxc4 Nxc4 19. Nxd6 Rxd6 20. Bf4 Rc6 21. Nd4 Ra6 22. Rc2 Ng6 23. Bg3 Rc8 24. Rd1 Na3 25. Re2 h6 26. Rd3 Nc4 27. Nb5 Re6 28. Kf1 Nb6 29. Bc7 Rxe2 30. Kxe2 a6 31. Bxb6 Nf4+ 32. Kd2 Nxd3 33. Na7 Re8 34. Kxd3 f6 35. b5 Kf7 36. bxa6 bxa6 37. Nc6 Ke6 38. Kd4 Kd6 39. Nb4 Re1 40. Bc5+ Ke6 41. Nd3 Re4# 0-1

[Event "Hannover Ihme Cup"]
[Site "Hannover"]
[Date "2017.04.30"]
[Round "5.11"]
[White "Reichelt, Ole"]
[Black "Ehlert, Horst"]
[Result "1/2-1/2"]
[WhiteElo "1728"]
[BlackElo "1947"]
[PlyCount "118"]
[EventDate "2017.04.28"]
[EventType "swiss"]
[EventRounds "5"]
[EventCountry "GER"]
[SourceTitle "EXT 2022"]
[Source "ChessBase"]
[SourceDate "2021.10.06"]
[SourceVersion "1"]
[SourceVersionDate "2021.10.06"]
[SourceQuality "1"]

1. d4 Nf6 2. Nf3 e6 3. e3 d5 4. Bd3 c5 5. b3 Nc6 6. Bb2 a6 7. c4 cxd4 8. exd4 Be7 9. 0-0 0-0 10. Nc3 b6 11. Rc1 Bb7 12. Re1 Rc8 13. Ne5 dxc4 14. Nxc6 Bxc6 15. bxc4 Qc7 16. d5 Bb7 17. Ne4 Qf4 18. Nxf6+ Bxf6 19. Bxf6 Qxf6 20. dxe6 fxe6 21. Qe2 Rcd8 22. Rcd1 Rde8 23. f3 Qd4+ 24. Kh1 Qc5 25. Be4 Bc6 26. Qe3 Qxe3 27. Rxe3 Bxe4 28. Rxe4 Rd8 29. Red4 Rxd4 30. Rxd4 Rc8 31. h3 Rc6 32. Kh2 Kf7 33. Kg3 Ke7 34. Kf4 Rc5 35. Ke3 Re5+ 36. Kf2 Ra5 37. Rd2 Ra4 38. Rc2 Kd6 39. Ke3 Kc5 40. Kd3 Ra3+ 41. Ke4 h6 42. h4 a5 43. h5 Ra4 44. Kd3 Rb4 45. Re2 Kd6 46. Kc3 Rb1 47. Kc2 Rh1 48. g4 Rf1 49. Re3 Rf2+ 50. Kb3 Rd2 51. a3 Rd1 52. Kc2 Rf1 53. Kb3 Rc1 54. Re4 Rb1+ 55. Kc2 Rf1 56. Re3 Kc5 57. Kb3 Rb1+ 58. Kc2 Rf1 59. Kb3 Rb1+ 1/2-1/2

[Event "Vellmar op 8th"]
[Site "Vellmar"]
[Date "2016.07.30"]
[Round "5"]
[White "Reichelt, Ole"]
[Black "Mao, Yvonne"]
[Result "1-0"]
[WhiteElo "1738"]
[BlackElo "1733"]
[PlyCount "57"]
[EventDate "2016.07.28"]
[EventType "swiss"]
[EventRounds "7"]
[EventCountry "GER"]
[SourceTitle "CBM 173 Extra"]
[Source "ChessBase"]
[SourceDate "2016.08.29"]
[SourceVersion "1"]
[SourceVersionDate "2016.08.29"]
[SourceQuality "1"]

1. d4 Nf6 2. c4 c5 3. e3 g6 4. Nf3 Bg7 5. Nc3 0-0 6. Be2 d6 7. 0-0 Nbd7 8. d5 Ng4 9. Qc2 Nge5 10. Nxe5 Nxe5 11. e4 f5 12. Bd3 Nxd3 13. Qxd3 Rf7 14. Re1 Bd4 15. Be3 fxe4 16. Qxe4 Bf5 17. Qh4 Bf6 18. Bg5 Qf8 19. Bxf6 exf6 20. Re3 Re8 21. Rae1 Rfe7 22. Qf4 Rxe3 23. fxe3 a6 24. g4 Bc8 25. Ne4 g5 26. Nxf6+ Kh8 27. Qxg5 Qe7 28. Qh6 Rf8 29. Nxh7 1-0

[Event "Vellmar op 8th"]
[Site "Vellmar"]
[Date "2016.07.29"]
[Round "3"]
[White "Reichelt, Ole"]
[Black "Kanbach, Mike"]
[Result "1/2-1/2"]
[WhiteElo "1738"]
[BlackElo "1867"]
[PlyCount "46"]
[EventDate "2016.07.28"]
[EventType "swiss"]
[EventRounds "7"]
[EventCountry "GER"]
[SourceTitle "CBM 173 Extra"]
[Source "ChessBase"]
[SourceDate "2016.08.29"]
[SourceVersion "1"]
[SourceVersionDate "2016.08.29"]
[SourceQuality "1"]

1. d4 e6 2. Nf3 Nf6 3. e3 d5 4. Bd3 c5 5. b3 Nc6 6. Bb2 Bd6 7. Nbd2 Qc7 8. a3 cxd4 9. exd4 0-0 10. Qe2 e5 11. dxe5 Re8 12. 0-0 Nxe5 13. Nxe5 Bxe5 14. Bxe5 Rxe5 15. Qd1 Rh5 16. Nf3 Bg4 17. h3 Bxh3 18. gxh3 Qd7 19. h4 Qg4+ 20. Kh2 Qf4+ 21. Kg2 Qg4+ 22. Kh2 Qf4+ 23. Kg2 Qg4+ 1/2-1/2

[Event "Vellmar op 8th"]
[Site "Vellmar"]
[Date "2016.07.28"]
[Round "1"]
[White "Reichelt, Ole"]
[Black "Reichenbaecher, Thomas"]
[Result "0-1"]
[WhiteElo "1738"]
[BlackElo "1975"]
[PlyCount "45"]
[EventDate "2016.07.28"]
[EventType "swiss"]
[EventRounds "7"]
[EventCountry "GER"]
[SourceTitle "CBM 173 Extra"]
[Source "ChessBase"]
[SourceDate "2016.08.29"]
[SourceVersion "1"]
[SourceVersionDate "2016.08.29"]
[SourceQuality "1"]

1. d4 Nf6 2. Nf3 d5 3. e3 g6 4. c4 c6 5. Bd3 Bg7 6. 0-0 0-0 7. b3 a5 8. Nc3 Na6 9. Bb2 Nc7 10. Ne5 Nd7 11. f4 Nxe5 12. fxe5 dxc4 13. bxc4 Ne6 14. Ne2 Bh6 15. Rf3 b5 16. cxb5 cxb5 17. Bxb5 Bb7 18. Rh3 Qd5 19. Qf1 Qxb5 20. Rxh6 Ba6 21. d5 Qxb2 22. Rb1 Qxe5 23. Qe1 0-1

[Event "Niedersachsen-ch op"]
[Site "Verden"]
[Date "2016.01.06"]
[Round "7"]
[White "Schmidt, Dennis"]
[Black "Reichelt, Ole"]
[Result "1/2-1/2"]
[WhiteElo "2022"]
[BlackElo "1685"]
[PlyCount "27"]
[EventDate "2016.01.03"]
[EventType "swiss"]
[EventRounds "7"]
[EventCountry "GER"]
[SourceTitle "EXT 2018"]
[Source "ChessBase"]
[SourceDate "2017.10.13"]
[SourceVersion "1"]
[SourceVersionDate "2017.10.13"]
[SourceQuality "1"]

1. e4 e6 2. d3 d5 3. Nd2 Nf6 4. g3 dxe4 5. dxe4 Nc6 6. Bg2 e5 7. Ngf3 Bc5 8. 0-0 0-0 9. h3 b6 10. Re1 Qe7 11. c3 a5 12. Qa4 Bb7 13. Nc4 Rad8 14. a3 1/2-1/2

[Event "Hannover Ihme Cup"]
[Site "Hannover"]
[Date "2015.05.09"]
[Round "3"]
[White "Schulz, Daniel"]
[Black "Reichelt, Ole"]
[Result "1-0"]
[WhiteElo "1941"]
[BlackElo "1705"]
[PlyCount "45"]
[EventDate "2015.05.08"]
[EventType "swiss"]
[EventRounds "5"]
[EventCountry "GER"]
[SourceTitle "EXT 2021"]
[Source "ChessBase"]
[SourceDate "2020.10.23"]
[SourceVersion "1"]
[SourceVersionDate "2020.10.23"]
[SourceQuality "1"]

1. d4 e6 2. c4 Nf6 3. g3 d5 4. Nf3 b6 5. cxd5 exd5 6. Bg2 Bb7 7. 0-0 Be7 8. Nc3 0-0 9. Bf4 Ne4 10. Rc1 c6 11. Ne5 f5 12. h4 c5 13. dxc5 Bxc5 14. Qb3 Kh8 15. Nxe4 fxe4 16. Rxc5 bxc5 17. Qxb7 Nd7 18. Qxd7 Qxd7 19. Nxd7 Rfd8 20. Nxc5 Rac8 21. Ne6 Re8 22. Nd4 Rc4 23. Be3 1-0

[Event "Niedersachsen-ch op-B"]
[Site "Verden"]
[Date "2015.01.03"]
[Round "4"]
[White "Bischoff, Norbert"]
[Black "Reichelt, Ole"]
[Result "1/2-1/2"]
[WhiteElo "1604"]
[BlackElo "1700"]
[PlyCount "99"]
[EventDate "2015.01.02"]
[EventType "swiss"]
[EventRounds "7"]
[EventCountry "GER"]
[SourceTitle "EXT 2018"]
[Source "ChessBase"]
[SourceDate "2017.10.13"]
[SourceVersion "1"]
[SourceVersionDate "2017.10.13"]
[SourceQuality "1"]

1. d4 e6 2. Nf3 Nf6 3. Bg5 d5 4. e3 Bd6 5. Bd3 0-0 6. Nbd2 h6 7. Bh4 Nbd7 8. Bg3 b6 9. Ne5 Bb7 10. Qf3 c5 11. c3 Qc7 12. Nxd7 Qxd7 13. Be5 Qe7 14. 0-0-0 Bxe5 15. dxe5 Nd7 16. Qg3 c4 17. Bc2 b5 18. Nb1 b4 19. cxb4 Qxb4 20. Rd4 Kh8 21. Nc3 Ba6 22. Rh4 Rg8 23. Qg5 Qf8 24. f4 Nc5 25. f5 Nd3+ 26. Bxd3 cxd3 27. Kd2 f6 28. exf6 Qxf6 29. Qxf6 gxf6 30. Rxh6+ Kg7 31. Rg6+ Kf7 32. Rxg8 Rxg8 33. fxe6+ Kxe6 34. g3 Rh8 35. h3 Ke5 36. h4 Rg8 37. Rg1 Rg4 38. a3 f5 39. Nd1 d4 40. exd4+ Rxd4 41. Rf1 Re4 42. Re1 Kd4 43. Rxe4+ fxe4 44. Ne3 Bc8 45. h5 Ke5 46. b4 Bd7 47. Nc4+ Kd4 48. Ne3 Ke5 49. Nc4+ Kd4 50. Ne3 1/2-1/2

[Event "Hannover Ihme Cup"]
[Site "Hannover"]
[Date "2014.05.09"]
[Round "1"]
[White "Reichelt, Ole"]
[Black "Lenhardt, Manfred"]
[Result "0-1"]
[WhiteElo "1707"]
[BlackElo "2112"]
[PlyCount "114"]
[EventDate "2014.05.09"]
[EventType "swiss"]
[EventRounds "5"]
[EventCountry "GER"]
[SourceTitle "EXT 2021"]
[Source "ChessBase"]
[SourceDate "2020.10.23"]
[SourceVersion "1"]
[SourceVersionDate "2020.10.23"]
[SourceQuality "1"]

1. d4 Nf6 2. Nf3 e6 3. e3 b6 4. c4 Bb7 5. Nc3 Bb4 6. Bd3 0-0 7. 0-0 Bxc3 8. bxc3 d6 9. c5 dxc5 10. dxc5 Nc6 11. Ba3 Re8 12. Bb5 a6 13. Bxc6 Qxd1 14. Rfxd1 Bxc6 15. Ne5 Ba4 16. Rd4 b5 17. c6 Nd5 18. Rc1 Nb6 19. Bc5 f6 20. Nf3 e5 21. Rg4 Nc4 22. Nh4 Kf7 23. Nf5 g6 24. Nh6+ Ke6 25. f4 Kd5 26. fxe5 Nxe5 27. Bd4 Nxg4 28. Nxg4 Kxc6 29. Nxf6 Re7 30. e4 Kb7 31. e5 c5 32. Bxc5 Rxe5 33. Bd4 Re2 34. Nxh7 Rxa2 35. Re1 Rd8 36. Re7+ Kc6 37. Nf6 b4 38. Re5 bxc3 39. Rc5+ Kb7 40. Nd5 Rxd5 41. Rxd5 Ra1+ 42. Kf2 c2 43. Be3 c1Q 44. Bxc1 Rxc1 45. Kg3 Bc6 46. Rg5 Rc2 47. Kh3 Bxg2+ 48. Kg3 Be4 49. Kf4 Bf5 50. h4 Rh2 51. Ke3 Rxh4 52. Rg2 a5 53. Kd2 Rc4 54. Ke3 a4 55. Ra2 Kc6 56. Rb2 a3 57. Ra2 Ra4 0-1

[Event "Niedersachsen-ch U12"]
[Site "Norderney"]
[Date "2014.04.15"]
[Round "7"]
[White "Reichelt, Ole"]
[Black "Stelmaszyk, Nico"]
[Result "1-0"]
[WhiteElo "1707"]
[BlackElo "1231"]
[PlyCount "81"]
[EventDate "2014.04.??"]
[EventType "swiss"]
[EventRounds "11"]
[EventCountry "GER"]
[SourceTitle "EXT 2017"]
[Source "ChessBase"]
[SourceDate "2016.10.25"]
[SourceVersion "1"]
[SourceVersionDate "2016.10.25"]
[SourceQuality "1"]

1. d4 d5 2. Nf3 c5 3. e3 e6 4. c3 f5 5. Ne5 Nd7 6. Qh5+ g6 7. Nxg6 Ngf6 8. Qh4 Rg8 9. Nxf8 Kxf8 10. g3 b6 11. Bg2 Ba6 12. Nd2 Rg6 13. Qf4 Qe8 14. b3 Kg7 15. Ba3 Rc8 16. Rc1 Rc6 17. Qf3 Ne4 18. Qd1 Ndf6 19. c4 cxd4 20. exd4 Nxd2 21. Qxd2 Ne4 22. Qb4 Qc8 23. f3 Nf6 24. c5 Nd7 25. Bf1 Bxf1 26. Kxf1 Qa6+ 27. Kf2 bxc5 28. dxc5 Ne5 29. Bb2 Kf7 30. Bxe5 Qxa2+ 31. Kf1 Qa6+ 32. Kf2 Qa2+ 33. Ke3 d4+ 34. Bxd4 f4+ 35. Kd3 e5 36. Bxe5 Rge6 37. Ra1 Qf2 38. Rxa7+ Kf8 39. Qb8+ Rc8 40. Qxc8+ Re8 41. Bg7+ 1-0